书目信息 |
| 题名: |
地下防水施工便携手册
|
|
| 作者: | 袁锐文 主编 | |
| 分册: | ||
| 出版信息: | 北京 中国计划出版社 2006.01 |
|
| 页数: | 393页 | |
| 开本: | 19cm | |
| 丛书名: | 施工便携手册系列 | |
| 单 册: | ||
| 中图分类: | TU94-62 | |
| 科图分类: | ||
| 主题词: | 地下建筑物--di xia jian zhu wu--建筑防水--工程施工--手册 | |
| 电子资源: | ||
| ISBN: | 7-80177-489-2 | |
| 000 | 00911nam 2200253 450 | |
| 001 | CAL 012006044494 | |
| 005 | 20060530100426.10 | |
| 010 | @a7-80177-489-2@dCNY 22.00 | |
| 099 | @aCAL 012006044494 | |
| 100 | @a20060424d2006 ekmy0chiy0121 ea | |
| 101 | 0 | @achi |
| 102 | @aCN@b110000 | |
| 200 | 1 | @a地下防水施工便携手册@Adi xia fang shui shi gong bian xie shou ce@f袁锐文主编 |
| 210 | @a北京@c中国计划出版社@d2006.01 | |
| 215 | @a393页@c图@d19cm | |
| 225 | 2 | @a施工便携手册系列@Ashi gong bian xie shou ce xi lie |
| 320 | @a有书目 | |
| 330 | @a本书概述了地下工程防水等级、设防要求与方案,地下建筑防水工程,特殊施工法防水工程,排水工程,地下防水施工安全技术等内容。 | |
| 410 | 0 | @12001 @a施工便携手册系列 |
| 606 | 0 | @a地下建筑物@Adi xia jian zhu wu@x建筑防水@x工程施工@j手册 |
| 690 | @aTU94-62@v4 | |
| 701 | 0 | @a袁锐文@Ayuan rui wen@4主编 |
| 801 | 0 | @aCN@bTJU@c20060530 |
| 905 | @a10447@dTU94-62@eY907 | |
| 地下防水施工便携手册/袁锐文主编.-北京:中国计划出版社,2006.01 |
| 393页:图;19cm.-(施工便携手册系列) |
| ISBN 7-80177-489-2:CNY 22.00 |
| 本书概述了地下工程防水等级、设防要求与方案,地下建筑防水工程,特殊施工法防水工程,排水工程,地下防水施工安全技术等内容。 |
| ● |
| 相关链接 |
|
|
|
正题名:地下防水施工便携手册
索取号:TU94-62/Y907
 
预约/预借
| 序号 | 登录号 | 条形码 | 馆藏地/架位号 | 状态 | 备注 |
| 1 | 602303 | 206023033 | 建筑库201/201建筑库 57排2列1层/ [索取号:TU94-62/Y907] | 在馆 | |
| 2 | 602304 | 206023042 | 建筑库201/201建筑库 57排2列1层/ [索取号:TU94-62/Y907] | 在馆 | |
| 3 | 602305 | 206023051 | 建筑库201/201建筑库 57排2列1层/ [索取号:TU94-62/Y907] | 在馆 |